000
00282nam a22001337a 4500
020
_a
93-9042-990-0
082
_a
894.812.3
_b
VAL/K
100
_a
VALSALA, P
245
_a
KOLLI
260
_a
THRISSUR
_b
GREEN BOOKS
300
_a
120
650
_a
MALAYALAM NOVEL
_z
KERALA
942
_c
BK
999
_c
7154
_d
7154